NLSUI OPAC header image

International comparisons of government expenditure revisited: The developing countries, 1975-86 (Record no. 19394)

MARC details
000 -LEADER
fixed length control field 00542nam a2200157Ia 4500
008 - FIXED-LENGTH DATA ELEMENTS--GENERAL INFORMATION
fixed length control field 160316s1990 xxu||||| |||| 00| 0 eng d
082 ## - DEWEY DECIMAL CLASSIFICATION NUMBER
Classification number 336.390000
Item number HEL
100 ## - MAIN ENTRY--PERSONAL NAME
Personal name Heller Peter S
245 ## - TITLE STATEMENT
Title International comparisons of government expenditure revisited: The developing countries, 1975-86
250 ## - EDITION STATEMENT
Edition statement
260 ## - PUBLICATION, DISTRIBUTION, ETC.
Place of publication, distribution, etc. Washington D C
Name of publisher, distributor, etc. International Monetary Fund
Date of publication, distribution, etc. 1990
300 ## - PHYSICAL DESCRIPTION
Extent 77p
Other physical details
Dimensions v
365 ## - TRADE PRICE
Price amount Gratis
650 ## - SUBJECT ADDED ENTRY--TOPICAL TERM
Topical term or geographic name entry element 1. Public Finance - Government Expenditure - Policies - Developing Countries <br/>
700 ## - ADDED ENTRY--PERSONAL NAME
Personal name Diamond Jack
--
Holdings
Withdrawn status Lost status Damaged status Not for loan Home library Current library Shelving location Date acquired Total Checkouts Full call number Barcode Date last seen Price effective from Koha item type
        . . Library Compactors 30.05.2017   336.39 HEL 17141 30.05.2017 30.05.2017 BOOKs